书目信息 |
| 书名: | Where wizards stay up late | |
| 作者: | Katie Hafner; Matthew Lyon | |
| 分册号: | ||
| 分册名: | 出版地: | New York |
|
| 出版社: | Simon & Schuster, cop | |
| 出版时间: | 1998. | |
| 页数: | 304p | |
| 开本: | 25cm | |
| 丛书名: | ||
| 中图分类号: | ||
| 科图分类号: | ||
| 其他分类号: | TB18 | |
| 主题词: | ||
| 电子资源: | ||
| 000 | 00413nam0 2200145 450 | |
| 001 | 202012001909 | |
| 005 | 20121115162805.0 | |
| 008 | 12111501s | |
| 020 | @a9780684832678@c$16.00 | |
| 099 | @dTB18@eK1964 | |
| 245 | 10 | @aWhere wizards stay up late @cKatie Hafner; Matthew Lyon |
| 260 | 0 | @a New York @bSimon & Schuster, cop.@c1998. |
| 300 | @a304p@c25cm | |
| 905 | @b11671 | |
| 905 | @aTSG@dTB18@eK1964 | |
| Where wizards stay up late / Katie Hafner; Matthew Lyon.- New York : Simon & Schuster, cop. , 1998. |
| 304p ; 25cm |
| ISBN 9780684832678$16.00 |
| ● |
| 相关链接 |
|
|
|
正题名:Where wizards stay up late
索取号:TB18/K1964
 
预约/预借
| 序号 | 登录号 | 条形码 | 馆藏地/架位号 | 状态 | 备注 |